| 000 | 00859nam a2200241Ia 4500 | ||
|---|---|---|---|
| 008 | 130821s1960 sp a gr spa | ||
| 040 |
_aCO-BoUCM _bspa _cAngélica Rojas _dAldemar Mondragón (modificó) |
||
| 041 | _aspa | ||
| 100 | 1 |
_aMorris, Max _934591 |
|
| 245 | 1 | 0 |
_aEcuaciones diferenciales _cMax Morris y Orley E. Brown ;traducción del inglés por Julio Porcel Moleón |
| 260 |
_aMadrid (España) _bAguilar _c1960 |
||
| 300 |
_a332 páginas _bgráficas |
||
| 500 | _aIncluye indices | ||
| 650 | 7 |
_aÁlgebra _98813 |
|
| 650 | 7 |
_aCálculo _910288 |
|
| 650 | 7 |
_aEcuaciones diferenciales _2embne _913736 |
|
| 690 | _aMatemáticas | ||
| 700 | 1 |
_aBrown, Orley E. _934592 |
|
| 700 | 1 |
_aPorcel Moleón, Julio _etraductor _934593 |
|
| 765 | _tDiferential equations | ||
| 942 |
_cLIBRO _a25 _e2 _mM875e _2DEWEY _h515.35 |
||
| 999 |
_c8840 _d8840 |
||